=LDR 00000nam 2200000 4500 =001 INLIS000000000041620 =005 20200302103945 =035 ##$$a 0010-061300000041620 =008 200302################g##########0#ind## =041 ##$$a Ind =082 ##$$a 158.1 =090 ##$$a 158.1, Per p1 =100 ##$$a Kartono,Kartini =245 1#$$a Pernanan Keluarga Memandu anak /$c Kartini kartono =260 ##$$a Jakarta :$b Rajawali,$c 1989 =300 ##$$a Vi, 199 hlm ; $c 13 x 19,5 cm =850 ##$$a NBPNMAT =020 ##$$a 979-421-210-5 =084 ##$$a 158.1 KAR p =650 #4$$a Psikologi terapan =990 ##$$a 32.788/ Hd- 90